Canciones de Álvaro de Luna - Muerte súbita - Estadísticas

Estadísticas generales
  • Esta prueba ha sido intentada 18 veces
  • La puntuación promedio es 6 de 16
Answers on the Grid
Answers color-coded by a green-red scale on the quiz's grid according to % correct below.
Juramento eterno de sal
Pasos de cero
Mañana
Dime dónde estás
Lo siento
Tacones rojos
La playa
Todo contigo
Llueve sobre mojado
Nuestra canción
Todo cambia
Esta vez
Soldadito de hierro
Se iluminaba
Levantaremos al sol
Señorita
Duele
Maníaca
Quizás
Morena
Sofía
Él no soy yo
Hoy festejo
Portarse mal
Quiero
Olvidé olvidarte
Rockstar
Mi nombre
Que bonito es querer
Toda la noche
 
Estadísticas de respuestas
Respuesta % Correcto
Juramento eterno de sal
92%
Levantaremos al sol
69%
Todo contigo
62%
Llueve sobre mojado
54%
Mañana
38%
Dime dónde estás
31%
Hoy festejo
31%
Nuestra canción
31%
Olvidé olvidarte
31%
Quiero
31%
Duele
23%
Morena
23%
Portarse mal
23%
Quizás
23%
Rockstar
23%
Toda la noche
15%
No se encontraron pruebas coincidentes
Distribución de puntuación
Porcentaje de gente con cada puntuación
Porcentaje por número respondido
Historial de tus puntuaciones
No has intentado esta prueba.